00389nam a2200145Ia 4500008004100000020001800041041000800059082001700067100001400084245006600098260002200164300002700186365001600213700001400229230718s9999 xx 000 0 und d a9788177584172 aeng a621.382bGAR aGarg V.K. aIS-95 CDMA And Cdma 2000bCellular/PCS Systems Implementation bPearson education a423dRef 864 E (25689) cRs.b310.00 aGarg V.K.